UM Logo

College Algebra / (Record no. 24372)

MARC details
000 -LEADER
fixed length control field 00620nam a22001817a 4500
005 - DATE AND TIME OF LATEST TRANSACTION
control field 20260227093147.0
008 - FIXED-LENGTH DATA ELEMENTS--GENERAL INFORMATION
fixed length control field 260227b |||||||| |||| 00| 0 eng d
020 ## - INTERNATIONAL STANDARD BOOK NUMBER
International Standard Book Number 9814119903
082 ## - DEWEY DECIMAL CLASSIFICATION NUMBER
Classification number DC 512.9 L61c 2002
100 ## - MAIN ENTRY--PERSONAL NAME
Personal name Lial, Margaret L., author.
9 (RLIN) 24541
245 ## - TITLE STATEMENT
Title College Algebra /
Statement of responsibility, etc. Margaret L. Lial, John Hornsby, and David I. Schneider.
260 ## - PUBLICATION, DISTRIBUTION, ETC. (IMPRINT)
Place of publication, distribution, etc. Boston :
Name of publisher, distributor, etc. Addison Wesley,
Date of publication, distribution, etc. ©2002.
300 ## - PHYSICAL DESCRIPTION
Extent vii, 705 pages :
Other physical details illustrations ;
Dimensions 25 cm.
500 ## - GENERAL NOTE
General note Includes appendices and index.
700 ## - ADDED ENTRY--PERSONAL NAME
Personal name Hornsby, John.
9 (RLIN) 69865
Relator term author.
700 ## - ADDED ENTRY--PERSONAL NAME
Personal name Schneider, David I.
9 (RLIN) 39548
Relator term author.
942 ## - ADDED ENTRY ELEMENTS (KOHA)
Source of classification or shelving scheme Dewey Decimal Classification
Koha item type Circulation
Holdings
Withdrawn status Lost status Source of classification or shelving scheme Damaged status Not for loan Collection code Home library Current library Date acquired Source of acquisition Cost, normal purchase price Total Checkouts Full call number Barcode Date last seen Price effective from Koha item type
    Dewey Decimal Classification     Circulation UM Digos College - LIC UM Digos College - LIC 02/27/2026 Purchased 450.00   DC 512.9 L61c 2002 17570 02/27/2026 02/27/2026 Circulation